000 01029nam a2200301 a 4500
003 OSt
005 20131017165251.0
008 131017s2002 ag ||||| |||| 00| 0 spa d
040 _cBiblioteca Medicina
041 _aspa
082 _bCONGRESOS 035
100 1 _aSzulik, Dalia
_92730
245 0 0 _aSeminario VI: La responsabilidad de los medicos ante las politicas publicas sobre anticoncepcion y aborto
250 _a1ยบ ed.
260 _aBuenos Aires
_bCentro de Estudios de Estado y Sociedad
_c2002
300 _a21 p.
440 0 _aSeminarios Salud y Politica Publica
_92706
653 _aPOLITICAS PUBLICAS-ANTICONCEPCION
653 _aPOLITICAS PUBLICAS-ABORTO
653 _aABORTOS-RESPONSABILIDAD MEDICA
700 1 _aRamos, Silvina
_92731
700 1 _aGogna, Monica
_92732
700 1 _aPetracci, Monica
_92721
700 1 _aRomero, Mariana
_92712
856 _awww.cedes.org
942 _2ddc
_cPH
999 _c1814
_d1814
952 _40
_00
_bBFM
_10
_oCONGRESOS 035
_d2013-10-17
_tEj. 1
_8NFIC
_70
_cCR
_2ddc
_yPH
_aBFM